000 00604nam a2200193 a 4500
003 LC
005 20170228111232.0
008 000519s19uu xx 00 eng d
020 _a9712712346
050 _aHD 9665
_b.Ib12 2002
100 _aIbanez, Rodolfo G.
245 _aBayanihan :
_cRodolfo G. Ibanez.
_bthe many great lessons of United Laboratories, Inc /
260 _aManila :
_bAnvil,
_c2002.
300 _a221 p. ; cm.
650 _aPharmaceutical industry
_xPhilippines.
650 _aCooperative societies
_xPhilippines.
650 _aBayanihan
_xSocial life and customs.
942 _cBK
_2lcc
999 _c12717
_d12717